| 000 | 01283nam a2200301 a 4500 | ||
|---|---|---|---|
| 003 | MX-MxUPN | ||
| 005 | 20240820175749.0 | ||
| 008 | 991125s18521853sp fr 000 0 spa d | ||
| 035 | _aUPN01000025621 | ||
| 040 |
_aMX-MxUPN _bspa _cMX-MxUPN |
||
| 041 | _aspa | ||
| 050 | 0 | 4 |
_aPC4165 _bG33 1852 |
| 100 | 1 |
_aGarcés, Gregorio, _d1773-1805 _931910 |
|
| 245 | 1 | 0 | _aFundamento del vigor y elegancia de la lengua castellana, expuesto en el propio y vario uso de sus partículas |
| 250 | _aSegunda edición | ||
| 260 |
_aMadrid : _bImprenta y Esterotipía de M. Rivadeneyra, _c1852. |
||
| 300 | _a272 páginas | ||
| 500 | _a"Preceden a esta obra las observaciones críticas sobre la excelencia de la lengua castellana / por Antonio Capmany" | ||
| 500 | _aEl volumen está formado por 2 tomos | ||
| 505 | 0 | 0 |
_tFundamento del vigor y elegancia de la lengua castellana, expuesto en el propio y vario uso de sus nombres y verbos / _rpor Gregorio Garcés. _g(Tomo segundo: 216 páginas) |
| 650 | 7 |
_aEspañol _xGramática _914623 |
|
| 650 | 4 |
_aEspañol _xModismos _91693 |
|
| 700 | 1 |
_952421 _aMerino Ballesteros, Francisco |
|
| 710 | 2 |
_951335 _aMuseo Pedagógico Nacional (México) _epropietario anterior |
|
| 902 | _bMaríaRobles/190624 | ||
| 905 | _aLibro | ||
| 942 |
_2lcc _cLIBRO _n0 |
||
| 999 |
_c25621 _d25621 |
||